| 000 | 00382nam a2200133Ia 4500 | ||
|---|---|---|---|
| 008 | 191206s9999 xx 000 0 und d | ||
| 020 | _a797430865 | ||
| 090 | _aRC605.55B65K6313 | ||
| 245 | 0 | _afew days more--: the story of a young woman living with HIV in Botswana | |
| 260 | _aSida | ||
| 260 | _cc[c2005] | ||
| 300 | _a"xv, 242 p. : ill. ; 21 cm." | ||
| 999 |
_c15963 _d15963 |
||